| 000 | 00318nam a2200121Ia 4500 | ||
|---|---|---|---|
| 008 | 240731s9999 xx 000 0 und d | ||
| 022 | _a1556-1828 | ||
| 245 | 4 | _aThe Journal of Island and Coastal Archaeology | |
| 260 | _bRoutledge | ||
| 856 | _uhttps://www.tandfonline.com/loi/uica20 | ||
| 942 | _2ddc | ||
| 942 | _cTFEJ | ||
| 999 |
_c79992 _d79992 |
||
| 945 |
_a1 _bMadushi Gamage _c1 _dMadushi Gamage |
||